000
00318 a2200157 4500
001
46132
020
_a
040
_c
Anchieta - Aquarius
240
1
0
_a
Quadrinhos
_l
por
245
1
0
_a
Quadrinhos
300
_a
48
362
0
_a
2010
440
1
_a
Melhoramentos
650
4
_a
Literatura infanto-juvenil
942
_c
BK
999
_c
46132
_d
46132